Statistics for "As" Similes #1

Click here to take the quiz!

General Stats

  • This quiz has been taken 28,187 times
    (15,858 since last reset)
  • The average score is 15 of 24

Answer Stats

Idiom% Correct
{High} as a Kite
91%
{Soft} as Silk
90%
{Blind} as a Bat
86%
{Sharp} as a Tack
81%
{Tough} as Nails
78%
{Cool} as a Cucumber
73%
{Strong} as an Ox
73%
{Straight} as an Arrow
72%
{Fit} as a Fiddle
71%
{Pretty} as a Picture
70%
{Thick} as Thieves
70%
{Clear} as Crystal
69%
{Busy} as a Bee
64%
{Slippery} as an Eel
64%
{Smart} as a Whip
64%
{Stubborn} as a Mule
63%
{White} as a Sheet
60%
{Dead} as a Dodo
54%
{Drunk} as a Skunk
41%
{Dry} as a Bone
39%
{Happy} as a Clam
39%
{Old} as the Hills
29%
{Scarce} as Hen's Teeth
29%
{Cute} as a Bug's Ear
21%

Score Distribution

Percentile by Number Answered

Percent of People with Each Score

Your Score History

You have not taken this quiz since the last reset